Islami wajaif / (Record no. 38672)
[ view plain ]
| 000 -LEADER | |
|---|---|
| fixed length control field | 00433nam a2200181 a 4500 |
| 001 - CONTROL NUMBER | |
| control field | 38672 |
| 003 - CONTROL NUMBER IDENTIFIER | |
| rucl marc code | BD-RjUL |
| 005 - DATE AND TIME OF LATEST TRANSACTION | |
| control field | 20211209052834.0 |
| 008 - FIXED-LENGTH DATA ELEMENTS--GENERAL INFORMATION | |
| fixed length control field | 160204b1952 pk ||||| |||| 001 0 urd d |
| 035 ## - SYSTEM CONTROL NUMBER | |
| System control number | (BD-RjUL)38781 |
| 040 ## - CATALOGING SOURCE | |
| Original cataloging agency | BD-RjUL |
| Language of cataloging | urd |
| Transcribing agency | BD-RjUL |
| 041 ## - LANGUAGE CODE | |
| Language code of text/sound track or separate title | urd |
| 100 ## - MAIN ENTRY--PERSONAL NAME | |
| Personal name | Salam, Abdul |
| 9 (RLIN) | 119331 |
| 245 ## - TITLE STATEMENT | |
| Title | Islami wajaif / |
| Statement of responsibility, etc. | Abdus Salam |
| 300 ## - PHYSICAL DESCRIPTION | |
| Pagination | 348 p. ; |
| Size | 24 cm. |
| 650 ## - SUBJECT ADDED ENTRY--TOPICAL TERM | |
| Topical term or geographic name as entry element | Islam |
| 9 (RLIN) | 119332 |
| 942 ## - ADDED ENTRY ELEMENTS (KOHA) | |
| Source of classification or shelving scheme | Dewey Decimal Classification |
| Koha item type | Books |
| Lost status | Source of classification or shelving scheme | Damaged status | Not for loan | Collection code | Permanent Location | Current Location | Shelving location | Date acquired | Total Checkouts | Full call number | Date last seen | Copy number | Koha item type |
|---|---|---|---|---|---|---|---|---|---|---|---|---|---|
| Dewey Decimal Classification | Not For Loan | Non-fiction | Central Library, University of Rajshahi | Central Library, University of Rajshahi | 04/02/2016 | U 297.18 SAI 1952 | 04/02/2016 | C-1 | Books |